[Event "Belgrade GMA op"]
[Site "Belgrade"]
[Date "1988.??.??"]
[Round "?"]
[White "Rogers, Ian"]
[Black "Karpman, Vadim"]
[Result "0-1"]
[WhiteElo "2540"]
[BlackElo "2490"]
[Annotator "Horvath,Ta"]
[PlyCount "52"]
[EventDate "1988.12.??"]
[EventType "swiss"]
[EventRounds "9"]
[EventCountry "YUG"]
[SourceTitle "CBM 010"]
[Source "ChessBase"]
[SourceDate "1989.06.01"]
[SourceVersion "1"]
[SourceVersionDate "1989.06.01"]
[SourceQuality "1"]

1. e4 c5 2. Nf3 Nc6 3. d4 cxd4 4. Nxd4 Qb6 5. Nb5 a6 6. Be3 Qd8 $1 7. N5c3 (7.
Nd4 Nf6 8. Nc3 e5 $1 {Avshalumov,A}) 7... e6 8. Be2 Nf6 9. f4 d5 10. e5 (10.
exd5 $5 exd5 11. Bf3 Be6 $13) 10... Nd7 11. Bf3 g5 $3 $17 12. fxg5 Ndxe5 13.
Bxd5 exd5 14. Nxd5 Bg4 15. Qd2 Nc4 16. Qd3 N6e5 17. Qe4 Bf5 18. Qd4 Bg7 19.
Nbc3 Nf3+ 20. gxf3 Bxd4 21. Bxd4 Qxg5 22. Nf6+ Ke7 23. Nce4 Bxe4 24. Nxe4 Qf4
25. Rd1 Rhd8 26. Bc5+ Ke6 0-1

[Event "Jakarta"]
[Site "Jakarta"]
[Date "1996.??.??"]
[Round "?"]
[White "Juswanto, Denny"]
[Black "Situru, Nathanael"]
[Result "1-0"]
[WhiteElo "2405"]
[BlackElo "2385"]
[Annotator "Horvath,Ta"]
[PlyCount "65"]
[EventDate "1996.08.28"]
[EventType "tourn"]
[EventRounds "11"]
[EventCountry "INA"]
[EventCategory "10"]
[SourceTitle "CBM 057"]
[Source "ChessBase"]
[SourceDate "1997.04.01"]
[SourceVersion "1"]
[SourceVersionDate "1997.04.01"]
[SourceQuality "1"]

1. e4 c5 2. Nf3 Nc6 3. d4 cxd4 4. Nxd4 e5 5. Nb5 d6 6. c4 Be6 7. Be2 Be7 8. O-O
a6 (8... Nf6 9. N1c3 a6 10. Na3 Rc8 11. Be3 (11. b3 $1 Nd4 12. Bb2 O-O 13. Nc2
$14 {Istratescu-Hebert/Cappelle la Grande/1996}) 11... O-O $14 {
Damljanovic-Ivanovic/Jugoslavia/1996}) 9. N5c3 Rc8 10. Be3 h6 11. Nd5 Bg5 12.
Bb6 Qd7 13. Nbc3 Nge7 14. b4 O-O 15. b5 axb5 16. Nxb5 Bxd5 $2 (16... Kh8 17.
Ndc7 $1 Nd4 (17... Ng6 18. Qxd6 Nd4 19. Bxd4 Qxd6 20. Nxd6 Rxc7 21. Bb6 $16)
18. Nxd4 exd4 19. Nxe6 $1 (19. Nd5 $14) 19... Qxe6 20. Bxd4 Qxe4 21. Bf3 $16)
17. cxd5 Nb4 18. a3 Na6 19. Na7 $1 Rc5 (19... Ra8 20. Bb5 {Die weiße Dame hat
kein freies Feld!}) 20. Rb1 Nc8 21. Nxc8 Rcxc8 22. Bg4 f5 23. Bxf5 Rxf5 24.
exf5 Qxf5 25. h3 Qf7 26. Qd3 Nc5 27. Bxc5 Rxc5 28. Rfd1 Qc7 29. Rb3 b6 30. g3
Rc2 31. h4 Qc5 32. Qf5 Bf6 33. Rxb6 1-0

[Event "Biel SKA"]
[Site "Biel"]
[Date "1996.07.24"]
[Round "3"]
[White "Almasi, Zoltan"]
[Black "Milov, Vadim"]
[Result "1/2-1/2"]
[WhiteElo "2655"]
[BlackElo "2565"]
[Annotator "Horvath,Ta"]
[PlyCount "145"]
[EventDate "1996.07.22"]
[EventType "tourn"]
[EventRounds "11"]
[EventCountry "SUI"]
[EventCategory "16"]
[SourceTitle "CBM 055"]
[Source "ChessBase"]
[SourceDate "1996.12.01"]
[SourceVersion "1"]
[SourceVersionDate "1996.12.01"]
[SourceQuality "1"]

1. e4 c5 2. Nf3 Nc6 3. d4 cxd4 4. Nxd4 e5 5. Nb5 d6 6. c4 Be7 7. b3 Nf6 8. Bd3
O-O 9. O-O Nd7 10. N1c3 a6 11. Na3 Bg5 12. Bb2 Nc5 (12... Re8 $6 13. Nc2 Re6
14. Nd5 Rh6 15. Re1 $1 Nc5 16. Bf1 $16 {Halifman-Tscherbakov/Rossija/1995}) 13.
Nc2 Be6 (13... f5 14. exf5 Nxd3 15. Qxd3 Bxf5 16. Ne4 $14 {Halifman}) 14. Kh1
Rb8 15. f3 Bf4 16. g3 Bh6 17. Be2 Bh3 18. Rg1 Ne6 19. Bf1 Bxf1 20. Qxf1 f5 21.
exf5 Rxf5 22. Qd3 {Typisch für die Variante: Weiß kontroliert die strategische
Punkte.} Rf7 23. Rad1 Ned4 24. Rgf1 b5 25. Nxd4 Nxd4 26. Nd5 Nf5 27. c5 $1 Rc8
(27... dxc5 28. Bxe5 Rc8 29. Nf6+ $18) 28. cxd6 Qxd6 29. Qe4 $16 Qg6 30. Qxe5
Bg5 31. Ba3 h6 32. Qe4 Rc2 33. g4 Nh4 34. Qxg6 Nxg6 35. Bd6 Rxa2 36. f4 Be7 37.
Bb8 Bc5 38. f5 Ne7 39. Nf4 Nc6 40. Rc1 Nxb8 41. Rxc5 Nd7 42. Rc8+ Rf8 43. Rc7
Rd2 44. Re1 Rd4 45. Ne6 Re8 46. Nxd4 (46. Ra1 Rd6 (46... Nf6 47. Rxg7+ Kh8 48.
Rg6 Nxg4 49. Rg1 $16) 47. Ra7 g6 48. R1xa6 Rxa6 49. Rxa6 gxf5 50. gxf5 $16)
46... Rxe1+ 47. Kg2 Nf6 48. h3 Nd5 49. Rd7 Nf4+ 50. Kg3 Nd3 51. Ne6 Re3+ 52.
Kg2 (52. Kh4 $2 g5+ $19) 52... g5 53. Rg7+ Kh8 54. Ra7 Nf4+ 55. Nxf4 gxf4 56.
Rxa6 Kg7 57. Rg6+ Kh7 58. b4 Rg3+ 59. Kh2 Rb3 60. h4 Rxb4 61. g5 (61. Rb6 Rb2+
62. Kg1 Rb3 $10) 61... hxg5 62. hxg5 f3 63. Rh6+ Kg8 64. Kg3 f2 65. Rh1 Re4 66.
Rf1 b4 67. Rxf2 b3 68. f6 Rb4 69. f7+ Kf8 70. g6 Rb8 71. Rh2 Kg7 72. Re2 Rb6
73. Rb2 1/2-1/2

[Event "USA-ch"]
[Site "Parsippany"]
[Date "1996.??.??"]
[Round "6"]
[White "Gurevich, Dmitry"]
[Black "Alburt, Lev O"]
[Result "1/2-1/2"]
[WhiteElo "2570"]
[BlackElo "2560"]
[Annotator "Horvath,Ta"]
[PlyCount "123"]
[EventDate "1996.07.13"]
[EventType "tourn"]
[EventRounds "13"]
[EventCountry "USA"]
[EventCategory "12"]
[SourceTitle "CBM 055"]
[Source "ChessBase"]
[SourceDate "1996.12.01"]
[SourceVersion "1"]
[SourceVersionDate "1996.12.01"]
[SourceQuality "1"]

1. Nf3 {Hecht} c5 2. c4 Nc6 3. d4 cxd4 4. Nxd4 e5 5. Nb5 d6 6. e4 f5 $6 (6...
a6 7. N5c3 f5 8. exf5 Bxf5 9. Bd3 Bxd3 10. Qxd3 Nf6 11. O-O Be7 12. Be3 $14 {
Bronstein,L-Perucca/Buenos Aires/1992}) 7. exf5 (7. N1c3 $1 a6 8. Bg5 $1 Qd7 9.
Nd5 axb5 10. cxb5 Rb8 (10... Nce7 $6 11. Nb6 Qc7 12. Nxa8 Qa5+ 13. Qd2 Qxa8 14.
Qxd6 Qa5+ (14... Nc6 15. Qc7 Bb4+ 16. Kd1 Nce7 17. Qxe5 $16) 15. Bd2 Qa4 16.
Qxe5 Qxe4+ 17. Qxe4 fxe4 18. Bc4 $16 {Pinski-Dobrotka/Bojnice/1994}) 11. Nb6
Qc7 12. Nxc8 Qxc8 13. bxc6 bxc6 14. Qc2 $14 {Pinski und Umanskij haben die
Variante gegeben.Vielleicht hat Alburt eine Neuerung vorbereitet?}) 7... Bxf5
8. Bd3 Be6 9. O-O Be7 10. N1c3 a6 11. Na3 Nf6 12. Bg5 O-O 13. Bxf6 (13. Nc2 Kh8
14. Ne3 Nd4 15. f4 $13) 13... gxf6 14. Be4 Kh8 15. Bd5 Bd7 16. Nc2 f5 17. Qe2
Bf6 18. Rad1 Bg7 19. Bxc6 Bxc6 20. Nb4 Be8 21. Nbd5 Rc8 22. a4 Qh4 23. Nb6 Bh5
24. f3 Rc6 25. a5 e4 26. Qf2 Qxf2+ 27. Kxf2 Bf7 28. fxe4 fxe4 29. Ke3 Bh6+ 30.
Kd4 e3 (30... Bg7+ $10) 31. Rde1 e2 32. Rxe2 Bg7+ 33. Ke3 Re8+ 34. Kd2 Rxe2+
35. Nxe2 Bxc4 36. Nxc4 Rxc4 {[#] Hecht guter sL; gebundene weiße Figuren;
Übergang ins Bauernendspiel Zug 54!?} 37. Nc3 Kg8 38. Rf3 Be5 39. g3 Kg7 40.
Kc2 Rc8 41. b4 Rc4 42. Kb3 Rd4 43. h3 h5 44. Re3 Kf6 45. Ne4+ Kf5 46. Nc3 Rd2
47. Ne2 Rd1 48. Kc4 Rh1 49. Nd4+ Kf6 50. g4 Rc1+ 51. Kd5 Rd1 52. Re4 h4 53. Kc4
Kg6 {Zugzwang} 54. g5 {[#]} (54. Kd5 {Hecht} Rd3 {[%csl Rh3]}) 54... Kh5 (54...
Bxd4 55. Rxd4 Rxd4+ 56. Kxd4 Kxg5 57. Kd5 (57. Ke4 {Hecht} Kf6 58. Kf4 d5 59.
Kg4 Ke5 60. Kxh4 Kf4 61. Kh5 d4 $19) 57... Kf4 58. Kxd6 Kg3 59. Kc7 Kxh3 60.
Kxb7 Kg4 61. Kxa6 (61. b5 {Hecht} axb5 62. a6 h3 63. a7 h2 $19) 61... h3 62. b5
h2 63. b6 h1=Q 64. b7 Qc6+ 65. Ka7 Qc5+ 66. Ka6 Qc7 67. b8=Q $1 $10) 55. Rg4
Rc1+ 56. Kd5 Rc3 57. g6 Rg3 $8 58. Rxh4+ $1 $10 Kxh4 59. Nf5+ Kxh3 60. Nxg3
Kxg3 61. g7 Bxg7 62. Kxd6 1/2-1/2

[Event "Capablanca Memorial Elite 31st"]
[Site "Cienfuegos"]
[Date "1996.??.??"]
[Round "12"]
[White "Wahls, Matthias"]
[Black "Gonzalez, Renier"]
[Result "1-0"]
[WhiteElo "2555"]
[BlackElo "2560"]
[Annotator "Kantsler,B"]
[PlyCount "77"]
[EventDate "1996.05.??"]
[EventType "tourn"]
[EventRounds "13"]
[EventCountry "CUB"]
[EventCategory "12"]
[SourceTitle "CBM 054"]
[Source "ChessBase"]
[SourceDate "1996.10.01"]
[SourceVersion "1"]
[SourceVersionDate "1996.10.01"]
[SourceQuality "1"]

1. e4 c5 2. Nf3 Nc6 3. d4 cxd4 4. Nxd4 e5 5. Nb5 d6 6. N1c3 a6 7. Na3 b5 8. Nd5
Nce7 9. c4 (9. Ne3 $6 Nf6 10. Bd3 Bb7 11. f3 d5 12. exd5 Nexd5 13. Nxd5 Nxd5
14. O-O Bc5+ 15. Kh1 O-O $17 {Rotsko,V-Sveshnikov,E/LAT/1995/}) 9... Nxd5 10.
cxd5 $1 (10. Qxd5 Be6 11. Qb7 Nf6 12. cxb5 Rb8 13. Qxa6 d5 14. Nc2 Ra8 15. Qc6+
Bd7 16. Qc3 Rc8 $44 {Bologan,V-Sveshnikov,E/LAT/1995/}) 10... Rb8 11. Bd3 Be7
12. Nc2 a5 13. O-O Nf6 14. Bd2 Bd7 (14... O-O $6 15. Qe1 $14) 15. Qe1 Ra8 16.
Qe2 Qb6 17. b3 $1 O-O 18. a4 $1 Rfb8 19. Na3 $1 bxa4 (19... b4 20. Nc4 $16) 20.
bxa4 Bg4 (20... Bxa4 21. Nc4 Qb5 22. Rfb1 Qe8 23. Nb6 $18) 21. Qe3 $1 $16 (21.
Qe1 $2 Qd4 $132) 21... Qxe3 22. Bxe3 Rb3 (22... Bd7 23. Nb5 $16) 23. Bc4 Rb2 (
23... Rc3 24. Bd2 $18) (23... Rb4 24. f3 Bd7 25. Bb5 $16) 24. f3 Bd7 25. Bb5
Rc8 26. Bxd7 Nxd7 27. Rfc1 Rxc1+ 28. Rxc1 Ra2 (28... Rb3 29. Rc8+ Nf8 30. Nc4
$16) 29. Nb5 Bf8 (29... Rxa4 $4 30. Rc7 $18) 30. Rc7 Nf6 $8 31. Rc4 Nd7 32. g4
h6 33. g5 Re2 34. Ba7 Rd2 35. Rc8 g6 36. Nxd6 Kg7 37. Ne8+ Kg8 (37... Kh7 38.
Rd8 $18) 38. Nf6+ Nxf6 39. gxf6 1-0

[Event "RUS-ch"]
[Site "Elista"]
[Date "1995.??.??"]
[Round "1"]
[White "Khalifman, Alexander"]
[Black "Shcherbakov, Ruslan"]
[Result "1-0"]
[WhiteElo "2655"]
[BlackElo "2520"]
[Annotator "Khalifman,A"]
[PlyCount "67"]
[EventDate "1995.10.??"]
[EventType "swiss"]
[EventRounds "11"]
[EventCountry "RUS"]
[SourceTitle "CBM 050"]
[Source "ChessBase"]
[SourceDate "1996.02.01"]
[SourceVersion "1"]
[SourceVersionDate "1996.02.01"]
[SourceQuality "1"]

1. e4 {Chekhov} c5 2. Nf3 Nc6 3. d4 cxd4 4. Nxd4 e5 5. Nb5 d6 6. c4 Be7 7. b3
Nf6 8. Bd3 (8. N5c3 {Chekhov} O-O 9. Be2 Nd4 10. O-O a6 11. Be3 Nxe2+ 12. Qxe2
b5 13. Nd2 Rb8 14. f3 Qa5 15. Rfc1 Be6 $10 {Aseev,K-Sherbakov,R/Rostov/1993/0,
5/23/}) 8... O-O (8... Bg4 $5 9. f3 Be6 10. Be3 Nh5 11. O-O (11. Qd2 $5) 11...
Nf4 12. Qd2 h5 13. Rd1 a6 14. N5c3 h4 15. Nd5 Bxd5 16. cxd5 Nb8 17. Bf1 $14 {
Aseev,K-Ragozin,E/Elista(RUS-ch)/1994/1|0/57/}) 9. O-O Nd7 {N/} (9... Bg4 10.
f3 Be6 11. Be3 Nh5 (11... Nd7 12. N5c3 Bg5 13. Bf2 Qa5 14. Ne2 $16 {Aseev,
K-Dukhov,A/RUS-chT/1992/}) (11... Ne8 12. N5c3 Bg5 13. Bf2 $14 {Filippov,
V-Sveshnikov,E/Kemerovo/1995/} (13. Bf2 {Chekhov} Ne7 14. Nd5 Nxd5 15. cxd5 Bd7
16. Nc3 f5 17. b4 Qf6 18. Qb3 Qh6 $132 {Filippov,V-Sveshnikov,E/Kemerovo/1995/
1|0/65/})) 12. Qd2 (12. g3 g6 13. N5c3 f5 $1 14. exf5 gxf5 $13 {Dolmatov,
S-Sveshnikov,E/RUS-chT/1992/}) 12... Nf4 (12... g6 $6 13. Rd1 a6 14. N5c3 f5
15. Nd5 $16 {Aseev,K-Iskusnyh,S/Kemerovo/1995/}) 13. Rd1 a6 14. N5c3 Bg5 15.
Na3 $14) (9... Bg4 $5 {Chekhov}) 10. N1c3 (10. N5c3 Bg5 11. Nd2 Nc5 $13) 10...
a6 11. Na3 Bg5 12. Bb2 Re8 $6 (12... Nc5 13. Nc2 (13. Be2 $5 f5 14. exf5 Bxf5
15. Nc2) 13... f5 14. exf5 Nxd3 15. Qxd3 Bxf5 16. Ne4 $14) 13. Nc2 Re6 (13...
Nc5 $5) 14. Nd5 Rh6 15. Re1 $1 (15. Nce3 Bxe3 16. Nxe3 Qh4 17. h3 Nc5 $13)
15... Nc5 16. Bf1 a5 (16... f5 17. exf5 Bxf5 18. Nce3 Be6 19. b4 $16) 17. Qf3
$1 Rg6 (17... Bd2 18. Re2 Qh4 19. Qg3 $16) 18. Nce3 (18. Rad1 $1 $16) 18...
Bxe3 (18... Nd4 19. Bxd4 exd4 20. Nf5 $16) 19. Qxe3 Ne6 (19... f5 20. exf5 Bxf5
21. f4 $1 $16) (19... Nb4 20. Nxb4 axb4 21. Bxe5 Re6 22. Bb2 Rxe4 23. Qd2 $16)
20. Nb6 $1 (20. g3 Ned4 21. Rac1 f5 $13) 20... Rb8 21. Nxc8 Rxc8 22. Rac1 Qh4
23. g3 Qh5 24. Bg2 $16 Rh6 25. h3 Rf6 (25... Ng5 {Chekhov} 26. h4 Ne6 27. Qf3
Qg6 28. Qf5 $16) 26. Qe2 Qh6 (26... Qxe2 27. Rxe2 Ned4 28. Rd2 $16) 27. Bc3
Ned4 28. Qe3 (28. Qg4 $5 Re8 29. Rcd1 Rfe6 30. Rd3 $16) 28... Qh5 (28... Qxe3
29. Rxe3 Re6 30. Bf1 $16) 29. f4 exf4 $6 (29... Re6 30. Qf2 $16) (29... g6 {
Chekhov} 30. g4 Qh4 31. f5 $18) 30. gxf4 Qc5 31. Kh1 (31. Rcd1 $6 Nc2) 31...
Rh6 32. f5 $1 $18 Re8 33. Ba1 (33. Rcd1 $2 Nc2) (33. Red1 Ne6) 33... f6 34. Qd3
{time} (34. Qd3 {Chekhov} g6 35. Rcd1 $18) 1-0

[Event "Corus-B"]
[Site "Wijk aan Zee"]
[Date "2002.01.16"]
[Round "2"]
[White "Nijboer, Friso"]
[Black "Tregubov, Pavel V"]
[Result "1/2-1/2"]
[WhiteElo "2574"]
[BlackElo "2626"]
[Annotator "Kostakiev,D"]
[PlyCount "86"]
[EventDate "2002.01.15"]
[EventType "tourn"]
[EventRounds "11"]
[EventCountry "NED"]
[EventCategory "11"]
[SourceTitle "CBM 087"]
[Source "ChessBase"]
[SourceDate "2002.03.21"]
[SourceVersion "1"]
[SourceVersionDate "2002.03.21"]
[SourceQuality "1"]

1. e4 c5 2. Nf3 Nc6 3. d4 cxd4 4. Nxd4 e5 {La Bourdonais 1834} 5. Nb5 (5. Nxc6
bxc6 6. Bc4 Nf6 7. Bg5 {The Chess Player's Chronicle 1843, p. 217. 1/2-1/2
McDonnell,A-De Labourdonnais,L/London 1834/EXT 2002 (56)} (7. Qe2 Be7 8. Nc3
O-O 9. Bg5 $11 {The Chess Player's Chronicle 1843, p. 247. 1/2-1/2 McDonnell,
A-De Labourdonnais,L/London 1834/EXT 2002 (30)})) (5. Nf3 Nf6 6. Nc3 Bb4 7. Bg5
O-O 8. Bc4 Bxc3+ 9. bxc3 Qa5 10. Qd3 {The Chess Player's Chronicle 1841, p. 22.
1-0 Popert,H-Staunton,H/London 1840/EXT 2002 (38)}) 5... d6 {Galindo 1941} 6.
c4 (6. N1c3 a6 7. Na3 b5 (7... Nf6 8. Nc4 (8. Bg5 Be7 9. Nc4 Nd4 {1/2-1/2
Michel,P-Pelikan,J/Mar del Plata 1943/HCL (20)}) 8... b5 9. Ne3 Be6 10. a3 Rc8
11. Be2 Nd4 12. O-O Be7 {1/2-1/2 Alekhine,A-Galindo/Madrid 1941/EXT 99 (22)})
8. Nd5 Nce7 9. c4 Nxd5 10. exd5 bxc4 11. Nxc4 Nf6 12. Bd2 $5 Bd7 13. Ba5 Qb8
14. Be2 $146 (14. Rc1 Be7 15. Be2 O-O {1/2-1/2 Robovic,S-Waitzkin,J/New York
1998/EXT 99 (19)}) 14... Be7 15. O-O O-O 16. Nb6 (16. Rc1 $5) 16... Ra7 17.
Nxd7 Nxd7 18. Qb3 $6 (18. Qd2 $142 $14) 18... Rb7 $1 $132 {corr Kostakiev,
D-Aleshnia,V WC25SF11 2002} (18... Qxb3 $140 $2 19. axb3 $16)) (6. Be3 Be7 7.
N1c3 (7. Nd2 Nf6 (7... a6 8. Nc3 Rb8 9. Be2 Nf6 {1/2-1/2 Pavlov,M-Moiseenko,A/
Alushta 2001/EXT 2002 (43)}) 8. Bg5 a6 9. Nc3 Be6 {1/2-1/2 Herrera,I-Gonzalez
Vericat,S/Cali 1999/CBM 74 ext (36)}) (7. Bc4 Nf6 8. O-O O-O 9. Nd2 Be6 10. f4
Bxc4 {0-1 Jimenez,J-Salvatore,L/Villa Ballester 2001/EXT 2002 (38)}) 7... Nf6
8. Bg5 a6 9. Bxf6 gxf6 10. Na3 f5 {0-1 Rodin,M-Shariyazdanov,A/Kazan 1995/CBM
49 ext (28)}) 6... Be7 7. N1c3 (7. Be2 f5 8. exf5 Bxf5 9. Bg5 Nf6 10. Bh5+ (10.
Bxf6 gxf6 11. Bh5+ Bg6 12. O-O $14) 10... Bg6 11. Bxg6+ hxg6 12. Nd2 a6 {
1-0 Cuijpers,F-Skripchenko Lautier,A/Wijk aan Zee 2002/CBM 87_01 (41)}) 7... a6
8. Na3 f5 9. exf5 (9. Bd3 f4 10. Nc2 Nf6 $15 {1-0 Milligan Scott,H-Reizniece,D/
Leon 2001/EXT 2002 (31)}) (9. Be2 f4 10. Nc2 Nf6) 9... Bxf5 10. Bd3 (10. g4 $5)
10... Be6 (10... Bxd3 $5) 11. Nc2 Nf6 12. O-O O-O 13. b3 (13. Ne3 Nd4 14. Bd2
Qd7 15. Ncd5 Bd8 16. Re1 Kh8 $11 {1/2-1/2 Bojkovic,N-Skripchenko Lautier,A/
Leon 2001/EXT 2002 (17)}) 13... Qd7 $146 (13... Kh8 14. Ne3 Nd4 15. Bb2 Rc8 16.
Kh1 Qd7 17. f4 b5 18. cxb5 axb5 {0-1 Krstic,U-Loncar,R/Pula 2001/CBM 82 ext 
(35)}) 14. Bb2 Bd8 15. Ne4 Bb6 $1 $146 (15... Nxe4 16. Bxe4 Bb6 17. Qd3 Bf5 18.
Rad1 Rad8 {1-0 Leitao,R-Nataf,I/New Delhi/Theran 2000/CBM 80 (60)}) 16. Ne3 ({
Interesting complications might arise after:} 16. Ba3 $5 Nxe4 $140 17. Bxe4 Bf5
18. Bxf5 $1 (18. Qd5+ $6 Kh8 19. Ne3 Bxe4 20. Qxe4 Bd4 21. Rad1 Rf4 $15) 18...
Qxf5 19. Qd5+ Kh8 20. Ne3 Qxf2+ 21. Rxf2 Bxe3 22. Raf1 Rxf2 23. Rxf2 Rf8 24.
Bxd6 Rxf2 25. Bc5 Nb4 26. Qxe5 Re2+ 27. Qxe3 Rxe3 28. Bxe3 $14) 16... Kh8 (
16... g6 17. Qd2 Ba5 18. Bc3 Bxc3 19. Nxc3 Nd4 $11) 17. Ng5 (17. Ba3 Bd4 18.
Rc1 Nxe4 19. Bxe4 g6 $132) 17... Bg8 (17... Nd4 18. Nxe6 Qxe6 $132) 18. Qd2
Rad8 (18... Ng4 19. Nxg4 Qxg4 20. h3 Qh4 $11) 19. Rad1 Ng4 20. Nxg4 Qxg4 21.
Be2 (21. h3) 21... Qc8 22. h3 Qc7 (22... h6 23. Bg4 Qc7 24. Nf3 d5 25. cxd5
Bxd5 $132) 23. Bd3 Qe7 24. Ne4 (24. Ba3 $11) 24... d5 $132 25. cxd5 Bxd5 26.
Qe2 Qh4 27. Bb1 (27. Nc3 $4 Bf3 $3 $19 28. gxf3 Qg3+ {Mate in 10}) (27. Rde1
Nd4 28. Qg4 Qxg4 29. hxg4 Rf4 $15) 27... Rf4 28. Rxd5 $1 Rxd5 29. Bc1 $1 (29.
Qc2 $143 $6 Nd4 30. Qc4 Rd8 $17) 29... Nd4 30. Qc4 Rc5 31. Qa4 {[#]} Rc8 $6 (
31... Rc6 $142 32. Bxf4 Qxf4 (32... Ne2+ 33. Kh1 Qxf4 34. Bd3 Nd4 $11) 33. Kh1
h6 34. Qb4 Nc2 35. Bxc2 Rxc2 36. Qxb6 Qxe4 $11) 32. Bxf4 $14 Qxf4 (32... Ne2+
33. Kh1 Qxf4 34. Qd7 Rf8 35. Qxb7 Bxf2 36. Bd3 {text}) 33. Qd7 Rf8 34. Qxb7
Ne2+ 35. Kh1 Bxf2 36. Bd3 Ng3+ 37. Nxg3 Qxg3 38. Qe4 (38. Qb4) 38... g6 39. b4
(39. Bxa6 $14) 39... Rf6 (39... Qf4 40. Qxf4 Rxf4 41. a3) 40. a4 Kg7 41. a5 Kh6
42. Qe2 Rf4 43. Bxa6 {[...} Be3 $1 $11 {]} 1/2-1/2

[Event "WchT 12th"]
[Site "Astana"]
[Date "2019.03.11"]
[Round "6.1"]
[White "Karjakin, Sergey"]
[Black "Naiditsch, Arkadij"]
[Result "0-1"]
[WhiteElo "2753"]
[BlackElo "2710"]
[Annotator "Krasenkow,M"]
[PlyCount "128"]
[EventDate "2019.03.05"]
[EventType "team-tourn"]
[EventRounds "9"]
[EventCountry "KAZ"]
[SourceTitle "CBM 189"]
[Source "ChessBase"]
[SourceDate "2019.04.29"]
[SourceVersion "1"]
[SourceVersionDate "2019.04.29"]
[SourceQuality "1"]
[WhiteTeam "Russia"]
[BlackTeam "Azerbaijan"]
[WhiteTeamCountry "RUS"]
[BlackTeamCountry "AZE"]

{[%evp 0,128,19,31,70,45,53,32,60,48,14,8,10,3,13,0,25,5,0,9,25,-3,6,16,21,11,
12,-2,-8,-38,-38,-38,-36,-30,-19,-46,-5,-10,1,-39,-4,3,3,-35,0,1,0,-41,11,-21,
-9,-46,-1,-7,-8,-6,-9,0,0,0,110,43,19,19,45,51,50,50,50,56,22,0,6,6,24,-22,-17,
-15,-18,-35,-69,-69,-69,-65,-100,-118,-77,-104,-84,-74,-95,-113,-113,-105,-172,
-172,-239,-207,-246,-277,-214,-214,-273,-277,-271,-436,-464,-465,-477,-465,
-485,-489,-485,-493,-388,-437,-412,-437,-457,-457,-422,-457,-455,-463,-464,
-466,-494,-507,-507,-585,-614]} 1. e4 c5 2. Nf3 Nc6 3. d4 cxd4 4. Nxd4 e5 5.
Nb5 d6 6. N1c3 a6 7. Na3 b5 8. Nd5 Nge7 9. c4 Nxd5 10. cxd5 Nd4 11. Bd3 g6 12.
O-O Bg7 13. Be3 (13. Nc2 {- see CBM 177, annotations to Kobo-Edouard.}) 13...
O-O 14. Bxd4 {White obtains an active pawn mass in the centre (e- and f-pawns)
but yields Black a bishop pair. A double-edged decision!} ({Quiet play like} 
14. Nc2 Bd7 15. Qd2 {leads to equality.}) 14... exd4 15. Nc2 (15. Qd2 f5 $5 16.
exf5 Bxf5 17. Nc2 Kh8 18. Nxd4 Bxd4 19. Bxf5 Qf6 20. Rad1 Bxb2 21. Be6 Bc3 $13
{0-1 (30) Pavlovic,M (2540)-Tadic,B (2524) Kragujevac 2010}) 15... Bd7 16. Ne1
{White brings his knight to the most appropriate place: f3, from which it
attacks Black's d4 pawn and doesn't obstruct White's other pieces. Still, he
has no further active plan.} (16. Qd2 Rc8 17. Ne1 Qb6 18. Nf3 a5 19. a3 Rc5 20.
h3 Rb8 21. Rfc1 h6 22. Rc2 a4 23. Rac1 Rbc8 $11 {0-1 (59) Korneev,O (2557)
-Naiditsch,A (2702) Heraklio 2017}) (16. Nb4 Qb6 17. Rc1 Rac8 18. Bb1 Rc4 19.
Qd2 Re8 {1/2 (19) Nemeth,M (2375)-Horvath,P (2503) Hungary 2004}) 16... Qb6 17.
Nf3 a5 {Black intends to weaken and seize the c3 square after ...a5-a4-a3.} 18.
h3 a4 19. Qd2 (19. a3 b4 $36) 19... a3 20. b3 Rac8 21. Rfe1 Rfe8 22. Rad1 Rc3
23. Kh2 (23. Bb1 Bxh3 24. Nxd4 Qxd4 25. Qxd4 Bxd4 26. Rxd4 Bd7 $15 {[%csl Ga3]}
) (23. b4 $5) 23... Qd8 (23... b4 $5) 24. b4 {White prevents ...b5-b4 once and
for all.} Qf6 25. Ng1 g5 26. Ne2 Qxf2 $1 27. Qxg5 h6 28. Qg3 Qxg3+ 29. Kxg3
Rxe4 $2 {[%mdl 576] This exchange sacrifice is an oversight.} (29... Rc7 30.
Kf2 {[%cal Yd1c1] , and the position remains double-edged.}) 30. Nxc3 $2 {
Both players miss} (30. Kf2 $1 Rxd3 (30... Re5 31. Nxc3 dxc3 32. Rxe5 Bxe5 33.
Rb1 $18 {[%cal Rb1b3] - after the exchange of rooks White's play becomes easy})
31. Rxd3 {, and Black has no sufficient compensation.}) 30... Be5+ 31. Kf2 Rf4+
32. Ke2 dxc3 $44 {Now, of course, Black's passed c3 pawn plays a major role.}
33. Rb1 Rd4 34. Rb3 Rxd5 35. Rd1 Be6 36. Rxa3 Bf6 37. Bc2 {It was probably
time to give the exchange back and fight for a draw:} (37. Rc1 {e.g.} Kf8 38.
Raxc3 Bxc3 39. Rxc3 Re5+ 40. Kf2 Bxa2 41. Rc7 {, and White should not lose.})
37... Rg5 38. Kf2 d5 39. Ra8+ $2 (39. Ra6 d4 40. Rd6 $15 {[%cal Yd6d4]}) 39...
Kg7 40. a4 {This counterplay is too slow. Black's central pawns destroy
White's defence.} d4 $1 {[%cal Re6d5]} 41. g4 Bc4 42. axb5 Re5 43. Rc8 Re2+ 44.
Kf3 Re3+ 45. Kf2 Bxb5 46. Bf5 Be2 47. Rb1 Bh4+ 48. Kg2 Bf3+ 49. Kg1 Re2 50. Rf1
Rg2+ 51. Kh1 Bf2 52. Bd3 Rxg4+ 53. Kh2 Rg2+ 54. Kh1 Rg5+ 55. Kh2 Bg3+ 56. Kg1
Bf4+ 57. Kf2 Bb7 58. Rc5 Rg2+ 59. Ke1 Bg3+ 60. Kd1 Rd2+ 61. Kc1 Rxd3 62. Rcf5
Be4 63. Rxf7+ Kg6 64. R1f6+ Kh5 0-1